000 00383nam a2200157Ia 4500
008 221030s9999 xx 000 0 und d
020 _a8120307208
041 _aEnglish
082 _a105.23
_bOpp
100 _aA. V. Oppenheim
245 0 _aDiscrete - Time Signal Processing
_cby A. V. Oppenheim
260 _bPHI
_aNew Delhi
_c2000
300 _a879
650 _aECE
942 _cBK
999 _c1586
_d1586